01399nam a2200301 a 4500001001000000003000900010005001700019007000300036008004100039040002500080082002200105100004600127245005600173260003800229300002700267500008300294590002600377650002800403650003100431700004800462910004200510942001400552952011800566952012400684952013600808952013600944999001701080000012211DO-SdBNP20240412074230.0ta091106s1995 dr a r 001 0 spa d aDO-SdBNPbspacBNPHU 4222a861.44bC577a1 aCiprián Ogando, Cornelio,d1959-92883910aAmalgama a media tinta /cCornelio Ciprián Ogando aSanto Domingo :bNordeste,c1995. a53 p. :bil. ;c21 cm. aIncluye datos biográficos del autor en la solapa del la portada del libros.  aInventariado, 2018/BT 0aPoesía dominicana966 0aLiteratura dominicana.9671 aJiménez, Luigiedibujos interiores982190 aValidado. Control de calidad. MMOLINA 2ddccLBS1 0010718PDaPDbPDcHDd2009-11-06iLF1l0oRD861.44 C577ap12211-10r2020-06-25w2020-06-25yLFPDZNo se presta 0010718PDaPDbPDcHDd2009-11-06iLF1l0oRD861.44 C577ap12211-20r2020-06-25te. 2w2020-06-25yLFPDZNo se presta 00102ddc758PDaBNPHUbBNPHUcCTd2017-07-04eDonadol0oBNPHU DS 861.44 C577ap2022-3701r2022-08-15te.3w2022-08-15yLBS1zS/A 00102ddc758DSaBNPHUbBNPHUcCTd2017-07-04eDonadol0oBNPHU DS 861.44 C577ap2022-3702r2022-08-15te.4w2022-08-15yLBS1zS/A c11876d11876